000 00660nam a2200193 i 4500
001 133765
003 ES-MaACL
005 20251114063118.0
007 t|
008 070828s1960 sp ||||1| spa d
100 1 _aWoolrich, Cornell,
_d1903-1968
_9117365
245 1 0 _aObras escogidas /
_cCornell Woolrich (William Irish) [seud.] ; [selección y prólogo de José A. Llorens ; versión española de Jacinto León].
260 _aBarcelona :
_bAcervo,
_c[1960-]
300 _a2 v. ;
_c21 cm.
700 1 _aLlorens Borrás, José A.
_972888
700 1 _aLeón, Jacinto.
_971575
852 _aES-MaACL
_jP-667
_bR.45793
999 _c133765
_d133765